00385nam a2200145Ia 4500008004100000082001600041100002500057245005100082250000800133260002900141300001100170500002400181650001500205700001900220230524s9999 xx 000 0 und d a621.38bFAU aLuces M.Faulkenberry 0aElectrical Power Distribution and Transmission aIST aNEW DELHIbPearsonc2007 aIX;569 aQuantity Number: 1 aElectrical a Walter Coffer